[Event "Rapid 2018"]
[Site "Saint-Petersburg"]
[Date "2018.12.28"]
[Round "12"]
[Board "92"]
[White "Drygalov Sergey (RUS)"]
[Black "Perdomo Carlos Andres (COL)"]
[Result "1-0"]
[BlackElo "2301"]
[WhiteElo "2471"]
[LiveChessVersion "1.4.8"]

1. d4 {[%clk 0:15:18]} Nf6 {[%clk 0:15:12]} 2. Nf3 {[%clk 0:15:26]} e6
{[%clk 0:15:04]} 3. c4 {[%clk 0:15:34]} d5 {[%clk 0:15:05]} 4. Nc3
{[%clk 0:15:36]} Be7 {[%clk 0:15:13]} 5. Bf4 {[%clk 0:15:42]} O-O
{[%clk 0:15:14]} 6. e3 {[%clk 0:15:49]} Nh5 {[%clk 0:13:39]} 7. Be5
{[%clk 0:14:56]} f6 {[%clk 0:13:14]} 8. Bg3 {[%clk 0:15:04]} Nxg3
{[%clk 0:10:58]} 9. hxg3 {[%clk 0:15:12]} f5 {[%clk 0:10:37]} 10. Qc2
{[%clk 0:15:08]} c6 {[%clk 0:10:37]} 11. g4 {[%clk 0:14:31]} g6 {[%clk 0:10:11]}
12. gxf5 {[%clk 0:14:33]} Rxf5 {[%clk 0:05:19]} 13. Bd3 {[%clk 0:14:34]} dxc4
{[%clk 0:03:44]} 14. Bxc4 {[%clk 0:10:57]} Kg7 {[%clk 0:03:49]} 15. Bd3
{[%clk 0:10:09]} Rf8 {[%clk 0:03:05]} 16. Ne5 {[%clk 0:09:59]} Rf6
{[%clk 0:01:58]} 17. O-O-O {[%clk 0:08:10]} Nd7 {[%clk 0:02:00]} 18. Ne4
{[%clk 0:07:35]} Rf5 {[%clk 0:02:08]} 19. f4 {[%clk 0:06:43]} Nxe5
{[%clk 0:01:59]} 20. dxe5 {[%clk 0:06:46]} Qb6 {[%clk 0:01:31]} 21. Qe2
{[%clk 0:05:17]} a5 {[%clk 0:01:22]} 22. g4 {[%clk 0:04:42]} Rf7 {[%clk 0:01:30]}
23. g5 {[%clk 0:04:12]} a4 {[%clk 0:01:29]} 24. Nf6 {[%clk 0:04:17]} Bxf6
{[%clk 0:01:22]} 25. gxf6+ {[%clk 0:04:19]} Kg8 {[%clk 0:00:50]} 26. Bxg6
{[%clk 0:04:07]} hxg6 {[%clk 0:00:55]} 27. Qh2 {[%clk 0:04:05]} Qxe3+
{[%clk 0:00:30]} 28. Kb1 {[%clk 0:04:13]} Qe4+ {[%clk 0:00:25]} 29. Ka1
{[%clk 0:04:22]} 1-0

[Event "Rapid 2018"]
[Site "Saint-Petersburg"]
[Date "2018.12.28"]
[Round "12"]
[Board "93"]
[White "Yeritsyan Aram (RUS)"]
[Black "Apryshko Gleb (RUS)"]
[Result "1-0"]
[BlackElo "2420"]
[WhiteElo "2209"]
[LiveChessVersion "1.4.8"]

1. e4 {[%clk 0:15:19]} e5 {[%clk 0:15:19]} 2. Bc4 {[%clk 0:15:27]} Nc6
{[%clk 0:13:38]} 3. Nc3 {[%clk 0:15:34]} d6 {[%clk 0:13:16]} 4. d3
{[%clk 0:15:11]} Na5 {[%clk 0:11:21]} 5. Nge2 {[%clk 0:14:48]} Nxc4
{[%clk 0:10:27]} 6. dxc4 {[%clk 0:14:57]} f5 {[%clk 0:09:22]} 7. f4
{[%clk 0:14:14]} Be6 {[%clk 0:07:12]} 8. b3 {[%clk 0:12:05]} Qh4+
{[%clk 0:06:27]} 9. g3 {[%clk 0:12:01]} Qh3 {[%clk 0:06:36]} 10. Be3
{[%clk 0:11:42]} c6 {[%clk 0:04:33]} 11. Qd2 {[%clk 0:11:08]} Nf6
{[%clk 0:04:36]} 12. O-O-O {[%clk 0:10:28]} fxe4 {[%clk 0:03:39]} 13. c5 d5 14.
fxe5 Nh5 15. Rdf1 {[%clk 0:05:49]} Be7 {[%clk 0:03:41]} 16. Bg5 {[%clk 0:05:31]}
Bxc5 {[%clk 0:03:29]} 17. Kb2 {[%clk 0:02:20]} Rf8 {[%clk 0:03:07]} 18. Rxf8+
{[%clk 0:01:44]} Kxf8 {[%clk 0:03:16]} 19. Na4 {[%clk 0:01:43]} Bf2
{[%clk 0:00:46]} 20. Nf4 {[%clk 0:01:26]} Qf5 {[%clk 0:00:55]} 21. Qxf2
{[%clk 0:01:01]} Kg8 {[%clk 0:01:05]} 22. Nc5 {[%clk 0:01:01]} Qxe5+
{[%clk 0:01:05]} 23. Kb1 {[%clk 0:01:09]} Bg4 {[%clk 0:00:49]} 24. Nxh5
{[%clk 0:00:48]} Qxg5 {[%clk 0:00:58]} 25. Nf4 {[%clk 0:00:54]} b6
{[%clk 0:00:50]} 26. Nce6 {[%clk 0:00:26]} Qe7 {[%clk 0:00:23]} 27. Nd4
{[%clk 0:00:33]} e3 {[%clk 0:00:18]} 28. Qg2 {[%clk 0:00:25]} Qc5
{[%clk 0:00:16]} 29. h3 {[%clk 0:00:22]} Qxd4 {[%clk 0:00:21]} 30. hxg4
{[%clk 0:00:30]} Re8 {[%clk 0:00:27]} 31. Qe2 {[%clk 0:00:32]} Qe4
{[%clk 0:00:21]} 32. Rd1 {[%clk 0:00:38]} Re7 {[%clk 0:00:16]} 33. Kb2
{[%clk 0:00:42]} Rf7 {[%clk 0:00:13]} 34. Qd3 {[%clk 0:00:14]} Qf3
{[%clk 0:00:17]} 35. Ne2 {[%clk 0:00:19]} Re7 {[%clk 0:00:17]} 36. g5
{[%clk 0:00:28]} Qg4 {[%clk 0:00:13]} 37. Rh1 {[%clk 0:00:28]} g6
{[%clk 0:00:19]} 38. Nd4 {[%clk 0:00:19]} Qd7 {[%clk 0:00:12]} 39. c3
{[%clk 0:00:14]} c5 {[%clk 0:00:14]} 40. Ne2 {[%clk 0:00:23]} Re5
{[%clk 0:00:17]} 41. Nf4 {[%clk 0:00:26]} d4 {[%clk 0:00:11]} 42. cxd4
{[%clk 0:00:34]} cxd4 {[%clk 0:00:13]} 43. Qc4+ {[%clk 0:00:35]} Kg7
{[%clk 0:00:17]} 44. Rd1 {[%clk 0:00:43]} b5 {[%clk 0:00:12]} 45. Rxd4
{[%clk 0:00:37]} Qe7 {[%clk 0:00:12]} 46. Qe2 {[%clk 0:00:37]} Qxg5
{[%clk 0:00:20]} 47. Rd7+ {[%clk 0:00:43]} Kg8 {[%clk 0:00:11]} 48. Qc2 Qf6 49.
Kb1 {[%clk 0:00:48]} Re8 {[%clk 0:00:15]} 50. Qd3 {[%clk 0:00:48]} a6
{[%clk 0:00:17]} 51. Ne2 {[%clk 0:00:23]} Qe5 {[%clk 0:00:11]} 52. Qd5+
{[%clk 0:00:20]} Qxd5 {[%clk 0:00:11]} 53. Rxd5 {[%clk 0:00:29]} Re6
{[%clk 0:00:12]} 54. Kc2 {[%clk 0:00:33]} Kg7 {[%clk 0:00:19]} 55. Kd3
{[%clk 0:00:39]} Kf6 {[%clk 0:00:23]} 56. Rd4 {[%clk 0:00:48]} Kf5
{[%clk 0:00:17]} 57. Rf4+ {[%clk 0:00:53]} Kg5 {[%clk 0:00:27]} 58. Re4
{[%clk 0:01:00]} Rxe4 {[%clk 0:00:14]} 59. Kxe4 {[%clk 0:01:08]} Kg4
{[%clk 0:00:24]} 60. Kxe3 {[%clk 0:01:16]} h5 {[%clk 0:00:26]} 61. Kf2
{[%clk 0:00:43]} g5 {[%clk 0:00:30]} 62. Nd4 {[%clk 0:00:41]} Kh3
{[%clk 0:00:38]} 63. Ne6 {[%clk 0:00:41]} Kg4 {[%clk 0:00:44]} 64. Nc7
{[%clk 0:00:44]} Kh3 {[%clk 0:00:54]} 65. Nxa6 {[%clk 0:00:23]} Kh2
{[%clk 0:00:12]} 66. Nc5 {[%clk 0:00:31]} b4 {[%clk 0:00:19]} 67. Ne6
{[%clk 0:00:29]} g4 {[%clk 0:00:11]} 68. Nf4 {[%clk 0:00:38]} h4 {[%clk 0:00:17]}
69. gxh4 {[%clk 0:00:46]} 1-0

[Event "Rapid 2018"]
[Site "Saint-Petersburg"]
[Date "2018.12.28"]
[Round "12"]
[Board "94"]
[White "Al Thebaiti Ahmed M (KSA)"]
[Black "Hirneise Tobias (GER)"]
[Result "1-0"]
[BlackElo "2415"]
[WhiteElo "1826"]
[LiveChessVersion "1.4.8"]

1. d4 {[%clk 0:15:18]} d5 {[%clk 0:15:13]} 2. Bf4 {[%clk 0:15:25]} Nf6
{[%clk 0:15:15]} 3. e3 {[%clk 0:15:32]} c5 {[%clk 0:15:23]} 4. c3
{[%clk 0:15:33]} Nc6 {[%clk 0:15:32]} 5. Nd2 {[%clk 0:15:35]} e6 {[%clk 0:13:38]}
6. Ngf3 {[%clk 0:15:28]} Bd6 {[%clk 0:13:46]} 7. Bg3 {[%clk 0:15:33]} O-O
{[%clk 0:13:50]} 8. Bd3 {[%clk 0:14:35]} b6 {[%clk 0:13:57]} 9. O-O
{[%clk 0:14:32]} Bb7 {[%clk 0:14:05]} 10. a4 {[%clk 0:14:31]} Qe7
{[%clk 0:14:00]} 11. Ne5 {[%clk 0:14:36]} Nd7 {[%clk 0:13:01]} 12. f4
{[%clk 0:14:27]} f5 {[%clk 0:12:37]} 13. Qe2 {[%clk 0:11:14]} c4 {[%clk 0:12:33]}
14. Bc2 {[%clk 0:11:19]} a6 {[%clk 0:12:35]} 15. Kh1 {[%clk 0:09:10]} b5
{[%clk 0:11:51]} 16. axb5 {[%clk 0:07:02]} axb5 {[%clk 0:12:00]} 17. b4
{[%clk 0:07:06]} Nb6 {[%clk 0:11:46]} 18. Ndf3 {[%clk 0:06:47]} Na4
{[%clk 0:08:27]} 19. Bh4 {[%clk 0:06:36]} Qc7 {[%clk 0:08:00]} 20. Bxa4
{[%clk 0:05:41]} Rxa4 {[%clk 0:07:46]} 21. Rxa4 {[%clk 0:05:39]} bxa4
{[%clk 0:07:55]} 22. Ng5 {[%clk 0:05:45]} Nd8 {[%clk 0:07:21]} 23. Qh5
{[%clk 0:05:25]} h6 {[%clk 0:06:35]} 24. Nh3 {[%clk 0:05:10]} Nc6
{[%clk 0:04:53]} 25. g4 {[%clk 0:04:52]} fxg4 {[%clk 0:04:43]} 26. Nxg4
{[%clk 0:03:41]} Kh8 {[%clk 0:03:46]} 27. Rg1 {[%clk 0:02:31]} Qf7
{[%clk 0:03:50]} 28. Qxf7 Rxf7 29. Ra1 {[%clk 0:02:17]} Na7 {[%clk 0:03:50]} 30.
Rxa4 Nb5 31. Be1 {[%clk 0:02:14]} Kh7 {[%clk 0:04:02]} 32. Ra5 {[%clk 0:02:22]}
Bc6 {[%clk 0:04:10]} 33. Ra6 {[%clk 0:02:32]} Bd7 {[%clk 0:04:10]} 34. Nhf2
{[%clk 0:02:22]} g5 {[%clk 0:04:09]} 35. Ne5 {[%clk 0:02:17]} Bxe5
{[%clk 0:04:15]} 36. fxe5 {[%clk 0:01:41]} Bc8 {[%clk 0:04:09]} 37. Ra8
{[%clk 0:01:43]} Bb7 {[%clk 0:03:37]} 38. Rb8 {[%clk 0:01:51]} h5
{[%clk 0:03:33]} 39. Kg2 {[%clk 0:02:00]} Na3 {[%clk 0:03:22]} 40. h4
{[%clk 0:01:49]} g4 {[%clk 0:03:28]} 41. Bd2 {[%clk 0:01:49]} Bc6
{[%clk 0:03:34]} 42. Rc8 {[%clk 0:01:41]} Bb5 {[%clk 0:03:23]} 43. e4
{[%clk 0:01:41]} Nb1 {[%clk 0:02:49]} 44. Be1 {[%clk 0:01:34]} Ba6
{[%clk 0:02:35]} 45. Rc6 {[%clk 0:01:34]} Bb7 {[%clk 0:02:43]} 46. Rxe6
{[%clk 0:01:10]} dxe4 {[%clk 0:02:52]} 47. Nd1 {[%clk 0:01:01]} e3+
{[%clk 0:02:55]} 48. Kg1 {[%clk 0:00:52]} e2 {[%clk 0:02:26]} 49. Ne3
{[%clk 0:00:57]} Rf3 {[%clk 0:02:13]} 50. Re7+ {[%clk 0:01:01]} Kg6
{[%clk 0:02:22]} 51. Rxb7 {[%clk 0:01:07]} Rxe3 {[%clk 0:02:31]} 52. Kf2
{[%clk 0:01:17]} Re4 {[%clk 0:02:32]} 53. Rb6+ {[%clk 0:01:14]} Kg7
{[%clk 0:02:39]} 54. Rb7+ {[%clk 0:01:22]} Kg6 {[%clk 0:02:48]} 55. Rb6+
{[%clk 0:01:30]} Kg7 {[%clk 0:02:57]} 56. Rb7+ {[%clk 0:01:37]} 1-0

[Event "Rapid 2018"]
[Site "Saint-Petersburg"]
[Date "2018.12.28"]
[Round "12"]
[Board "95"]
[White "Lobanov Sergei (RUS)"]
[Black "Mamatov Melis (KGZ)"]
[Result "1-0"]
[BlackElo "2234"]
[WhiteElo "2398"]
[LiveChessVersion "1.4.8"]

1. e4 {[%clk 0:15:19]} c5 {[%clk 0:15:19]} 2. Nf3 {[%clk 0:15:28]} d6
{[%clk 0:15:28]} 3. d4 {[%clk 0:15:37]} cxd4 {[%clk 0:15:37]} 4. Nxd4
{[%clk 0:15:46]} Nf6 {[%clk 0:15:47]} 5. Nc3 {[%clk 0:15:55]} e5 {[%clk 0:15:56]}
6. Nb3 {[%clk 0:15:57]} Be6 {[%clk 0:15:57]} 7. f4 {[%clk 0:15:27]} Nc6
{[%clk 0:15:24]} 8. f5 {[%clk 0:15:27]} Bxb3 {[%clk 0:14:23]} 9. axb3
{[%clk 0:15:35]} a6 {[%clk 0:13:53]} 10. Be3 {[%clk 0:15:05]} b5 {[%clk 0:13:40]}
11. Be2 {[%clk 0:09:31]} Be7 {[%clk 0:13:06]} 12. O-O {[%clk 0:09:32]} O-O
{[%clk 0:11:36]} 13. Bf3 {[%clk 0:07:45]} Qc7 {[%clk 0:10:42]} 14. Rf2
{[%clk 0:06:17]} b4 {[%clk 0:09:13]} 15. Nd5 {[%clk 0:05:54]} Nxd5
{[%clk 0:09:10]} 16. Qxd5 {[%clk 0:06:00]} Nd4 {[%clk 0:08:55]} 17. Rc1
{[%clk 0:03:20]} Qc5 {[%clk 0:08:25]} 18. Qxc5 {[%clk 0:02:37]} dxc5
{[%clk 0:08:34]} 19. Be2 {[%clk 0:02:26]} a5 {[%clk 0:04:56]} 20. Bc4
{[%clk 0:02:34]} a4 {[%clk 0:04:58]} 21. Bd5 {[%clk 0:02:43]} Ra7
{[%clk 0:04:30]} 22. Ra1 {[%clk 0:01:10]} a3 {[%clk 0:04:38]} 23. bxa3
{[%clk 0:01:19]} bxa3 {[%clk 0:04:27]} 24. c3 {[%clk 0:01:05]} Nb5
{[%clk 0:04:23]} 25. Rc2 {[%clk 0:01:08]} Rc8 {[%clk 0:03:39]} 26. Kf2
{[%clk 0:01:02]} h6 {[%clk 0:03:01]} 27. Ke2 {[%clk 0:00:46]} Rb8
{[%clk 0:02:01]} 28. Kd3 {[%clk 0:00:58]} Ra5 {[%clk 0:01:27]} 29. Rca2
{[%clk 0:00:43]} Nc7 {[%clk 0:00:33]} 30. Bc4 {[%clk 0:00:39]} Nb5
{[%clk 0:00:22]} 31. Kc2 {[%clk 0:00:16]} Nd6 {[%clk 0:00:14]} 32. Bd5
{[%clk 0:00:17]} Nb5 {[%clk 0:00:13]} 33. Rd1 {[%clk 0:00:24]} Kf8
{[%clk 0:00:11]} 34. g3 {[%clk 0:00:23]} Nd6 {[%clk 0:00:13]} 35. h4
{[%clk 0:00:28]} Nb5 {[%clk 0:00:17]} 36. Rh1 {[%clk 0:00:29]} Nc7
{[%clk 0:00:15]} 37. Bc4 {[%clk 0:00:38]} Nb5 {[%clk 0:00:18]} 38. g4
{[%clk 0:00:40]} f6 {[%clk 0:00:14]} 39. g5 {[%clk 0:00:43]} h5 {[%clk 0:00:11]}
40. Rd1 {[%clk 0:00:42]} Nd6 {[%clk 0:00:15]} 41. Bd5 {[%clk 0:00:50]} Nb5
{[%clk 0:00:11]} 42. Rda1 {[%clk 0:00:38]} Rc8 {[%clk 0:00:11]} 43. Bc4
{[%clk 0:00:27]} Nd6 {[%clk 0:00:21]} 44. Bd5 {[%clk 0:00:31]} Nb5
{[%clk 0:00:14]} 45. Rg1 {[%clk 0:00:26]} Nd6 {[%clk 0:00:14]} 46. Rd1
{[%clk 0:00:23]} c4 {[%clk 0:00:14]} 47. b4 {[%clk 0:00:23]} Ra4 {[%clk 0:00:17]}
48. Be6 {[%clk 0:00:28]} Rc7 {[%clk 0:00:15]} 49. gxf6 {[%clk 0:00:36]} gxf6
{[%clk 0:00:12]} 50. Bh6+ {[%clk 0:00:39]} Ke8 {[%clk 0:00:20]} 51. Rg1
{[%clk 0:00:49]} Kd8 {[%clk 0:00:12]} 52. Rg8+ {[%clk 0:00:58]} 1-0

[Event "Rapid 2018"]
[Site "Saint-Petersburg"]
[Date "2018.12.28"]
[Round "12"]
[Board "96"]
[White "Chen Qi B (CHN)"]
[Black "Zakhartsov Vladimir (RUS)"]
[Result "1/2-1/2"]
[BlackElo "2473"]
[WhiteElo "2258"]
[LiveChessVersion "1.4.8"]

1. e4 {[%clk 0:15:19]} c5 {[%clk 0:15:20]} 2. Nf3 {[%clk 0:15:27]} d6
{[%clk 0:15:29]} 3. d4 {[%clk 0:15:36]} Nf6 {[%clk 0:15:38]} 4. Nc3
{[%clk 0:15:44]} cxd4 {[%clk 0:15:47]} 5. Nxd4 a6 6. h3 {[%clk 0:15:59]} e5
{[%clk 0:15:49]} 7. Nde2 {[%clk 0:16:08]} h5 {[%clk 0:15:57]} 8. Nd5
{[%clk 0:16:16]} Nxe4 {[%clk 0:14:54]} 9. Be3 {[%clk 0:16:24]} Nd7
{[%clk 0:14:57]} 10. g3 {[%clk 0:16:32]} Nef6 {[%clk 0:14:49]} 11. Nec3
{[%clk 0:16:36]} Rb8 {[%clk 0:13:46]} 12. Bg2 {[%clk 0:16:42]} b5
{[%clk 0:13:34]} 13. Bg5 {[%clk 0:16:44]} b4 {[%clk 0:13:07]} 14. Ne4
{[%clk 0:15:53]} Bb7 {[%clk 0:12:57]} 15. Nexf6+ {[%clk 0:13:55]} Nxf6
{[%clk 0:12:10]} 16. Bxf6 {[%clk 0:12:58]} gxf6 {[%clk 0:12:17]} 17. O-O
{[%clk 0:13:05]} h4 {[%clk 0:12:21]} 18. g4 {[%clk 0:11:23]} Bh6 {[%clk 0:12:17]}
19. Qd3 {[%clk 0:10:30]} Kf8 {[%clk 0:11:48]} 20. Rad1 {[%clk 0:10:23]} Bxd5
{[%clk 0:11:18]} 21. Bxd5 {[%clk 0:08:41]} Rb6 {[%clk 0:11:08]} 22. Qf5
{[%clk 0:08:26]} Kg7 {[%clk 0:10:52]} 23. Bb3 {[%clk 0:07:48]} Qc8
{[%clk 0:10:36]} 24. Qf3 {[%clk 0:07:46]} Bf4 {[%clk 0:10:31]} 25. Kh1
{[%clk 0:07:09]} Qc6 {[%clk 0:10:28]} 26. Qxc6 {[%clk 0:06:11]} Rxc6
{[%clk 0:10:37]} 27. Rd5 {[%clk 0:06:12]} Rhc8 {[%clk 0:09:14]} 28. Kg2
{[%clk 0:06:08]} Kf8 {[%clk 0:09:13]} 29. Rfd1 {[%clk 0:05:58]} Ke7
{[%clk 0:09:16]} 30. Kf3 {[%clk 0:06:07]} Rb6 {[%clk 0:09:05]} 31. Ke4
{[%clk 0:06:00]} Rbc6 {[%clk 0:08:17]} 32. Kf3 {[%clk 0:06:09]} Rb6
{[%clk 0:08:17]} 33. Ke4 {[%clk 0:06:18]} Ra8 {[%clk 0:08:03]} 34. Ra5
{[%clk 0:06:00]} Rg8 {[%clk 0:07:28]} 35. Bc4 {[%clk 0:05:51]} Rc8
{[%clk 0:07:28]} 36. Bb3 {[%clk 0:05:52]} Rbc6 {[%clk 0:07:18]} 37. Rad5
{[%clk 0:05:28]} Rg8 {[%clk 0:07:11]} 38. Kf3 {[%clk 0:05:21]} Rg5
{[%clk 0:07:12]} 39. Ke4 {[%clk 0:05:21]} f5+ {[%clk 0:06:06]} 40. gxf5
{[%clk 0:05:28]} f6 {[%clk 0:06:15]} 41. Rh1 {[%clk 0:05:11]} Rg2
{[%clk 0:05:29]} 42. Kf3 {[%clk 0:05:19]} Rg5 {[%clk 0:05:29]} 43. Ke4
{[%clk 0:05:28]} Rg8 {[%clk 0:03:49]} 44. Rdd1 {[%clk 0:05:20]} Rgc8
{[%clk 0:03:44]} 45. Rhg1 {[%clk 0:05:16]} Bg5 {[%clk 0:03:52]} 46. Kf3
{[%clk 0:04:26]} Rc5 {[%clk 0:03:03]} 47. Rge1 {[%clk 0:03:43]} d5
{[%clk 0:02:51]} 48. Rxd5 {[%clk 0:03:17]} Rxd5 {[%clk 0:02:59]} 49. Bxd5
{[%clk 0:03:26]} Rxc2 {[%clk 0:03:08]} 50. Re2 {[%clk 0:03:31]} Rc1
{[%clk 0:03:00]} 51. Bb3 {[%clk 0:03:24]} Kd6 {[%clk 0:02:38]} 52. Rc2
{[%clk 0:03:03]} Re1 {[%clk 0:02:47]} 53. Ba4 {[%clk 0:02:56]} e4+
{[%clk 0:02:45]} 54. Kg2 {[%clk 0:03:05]} Ke5 {[%clk 0:02:47]} 55. Rc4
{[%clk 0:02:45]} a5 {[%clk 0:02:21]} 56. Rc5+ {[%clk 0:02:40]} Kf4
{[%clk 0:02:29]} 57. Bc2 {[%clk 0:02:23]} Bh6 {[%clk 0:02:12]} 58. a3
{[%clk 0:02:26]} Bf8 {[%clk 0:01:54]} 59. Rc4 {[%clk 0:02:05]} bxa3
{[%clk 0:01:58]} 60. bxa3 {[%clk 0:02:12]} Bxa3 {[%clk 0:01:56]} 61. f3
{[%clk 0:02:11]} Re2+ {[%clk 0:01:51]} 62. Kf1 {[%clk 0:02:20]} Rh2
{[%clk 0:01:40]} 63. Bxe4 {[%clk 0:02:02]} Rxh3 {[%clk 0:01:07]} 64. Bc6+
{[%clk 0:01:46]} Ke5 {[%clk 0:00:57]} 65. Kg2 {[%clk 0:01:52]} Rg3+
{[%clk 0:01:05]} 66. Kh2 {[%clk 0:02:01]} Kxf5 {[%clk 0:00:34]} 67. Rxh4
{[%clk 0:01:51]} Bd6 {[%clk 0:00:42]} 68. Kh1 {[%clk 0:01:53]} Kg5
{[%clk 0:00:37]} 69. Rd4 {[%clk 0:01:48]} Rh3+ {[%clk 0:00:18]} 70. Kg2
{[%clk 0:01:56]} Rh2+ {[%clk 0:00:17]} 71. Kg1 {[%clk 0:02:04]} Be5
{[%clk 0:00:11]} 72. f4+ {[%clk 0:01:53]} Bxf4 {[%clk 0:00:18]} 73. Rxf4
{[%clk 0:02:02]} Kxf4 {[%clk 0:00:22]} 74. Kxh2 {[%clk 0:02:11]} Ke3
{[%clk 0:00:31]} 75. Kg1 {[%clk 0:02:15]} Ke2 {[%clk 0:00:35]} 76. Bb5+
{[%clk 0:02:23]} Ke3 {[%clk 0:00:42]} 77. Kf1 {[%clk 0:02:32]} f5
{[%clk 0:00:52]} 78. Ba4 {[%clk 0:02:41]} f4 {[%clk 0:00:59]} 79. Bb5
{[%clk 0:02:50]} 1/2-1/2

[Event "Rapid 2018"]
[Site "Saint-Petersburg"]
[Date "2018.12.28"]
[Round "12"]
[Board "97"]
[White "Vorotnikov Vladislav V (RUS)"]
[Black "Danielyan Vahe (ARM)"]
[Result "1/2-1/2"]
[BlackElo "2261"]
[WhiteElo "2267"]
[LiveChessVersion "1.4.8"]

1. e4 {[%clk 0:15:17]} c5 {[%clk 0:15:17]} 2. Nf3 {[%clk 0:15:22]} d6
{[%clk 0:15:26]} 3. c3 {[%clk 0:15:16]} Nf6 {[%clk 0:15:27]} 4. Bd3
{[%clk 0:15:23]} g6 {[%clk 0:15:32]} 5. h3 {[%clk 0:15:16]} Bg7 {[%clk 0:15:40]}
6. Bc2 {[%clk 0:15:18]} O-O {[%clk 0:15:47]} 7. O-O {[%clk 0:15:17]} e5
{[%clk 0:15:50]} 8. d4 {[%clk 0:14:16]} cxd4 {[%clk 0:15:50]} 9. cxd4
{[%clk 0:14:24]} Nc6 {[%clk 0:16:00]} 10. dxe5 {[%clk 0:13:07]} dxe5
{[%clk 0:16:08]} 11. Nc3 {[%clk 0:13:09]} Be6 {[%clk 0:16:13]} 12. Be3
{[%clk 0:12:54]} h6 {[%clk 0:16:14]} 13. Bb3 {[%clk 0:12:34]} Bxb3
{[%clk 0:14:19]} 14. axb3 {[%clk 0:12:05]} a6 {[%clk 0:14:03]} 15. Qxd8
{[%clk 0:11:22]} Rfxd8 {[%clk 0:14:09]} 16. Rfd1 {[%clk 0:11:30]} g5
{[%clk 0:13:29]} 17. Bb6 {[%clk 0:10:55]} Re8 {[%clk 0:13:31]} 18. Nd5
{[%clk 0:10:23]} Nxd5 {[%clk 0:13:31]} 19. Rxd5 {[%clk 0:09:58]} Bf8
{[%clk 0:13:02]} 20. Nd2 {[%clk 0:07:46]} Ne7 {[%clk 0:08:17]} 21. Rd7
{[%clk 0:07:22]} Nc8 {[%clk 0:07:37]} 22. Rxb7 {[%clk 0:05:21]} Nd6
{[%clk 0:06:53]} 23. Rd7 {[%clk 0:05:04]} Rec8 {[%clk 0:07:02]} 24. Bc7
{[%clk 0:03:34]} Ra7 {[%clk 0:06:08]} 25. Rxd6 {[%clk 0:03:36]} Raxc7
{[%clk 0:06:17]} 26. Rdxa6 {[%clk 0:03:34]} Rc2 {[%clk 0:06:16]} 27. Nc4
{[%clk 0:03:21]} Bc5 {[%clk 0:06:03]} 28. Rf6 {[%clk 0:02:05]} Bd4
{[%clk 0:06:13]} 29. Ra5 {[%clk 0:01:15]} Re2 {[%clk 0:05:57]} 30. g4
{[%clk 0:00:50]} Rb8 {[%clk 0:03:44]} 31. Nxe5 {[%clk 0:00:51]} Rxe4
{[%clk 0:03:37]} 32. Rf5 {[%clk 0:00:56]} Bxe5 {[%clk 0:03:11]} 33. Raxe5
{[%clk 0:01:01]} Rxe5 {[%clk 0:03:19]} 34. Rxe5 {[%clk 0:01:10]} Rxb3
{[%clk 0:03:28]} 35. Re3 {[%clk 0:01:16]} 1/2-1/2

[Event "Rapid 2018"]
[Site "Saint-Petersburg"]
[Date "2018.12.28"]
[Round "12"]
[Board "98"]
[White "Khayat Abdullah F (KSA)"]
[Black "Masrahi Abdulrahman A (KSA)"]
[Result "0-1"]
[BlackElo "1878"]
[WhiteElo "1819"]
[LiveChessVersion "1.4.8"]

1. d4 {[%clk 0:15:14]} d5 {[%clk 0:15:19]} 2. g3 {[%clk 0:15:22]} Nf6
{[%clk 0:15:26]} 3. Bg2 {[%clk 0:15:31]} Bf5 {[%clk 0:15:35]} 4. Nf3
{[%clk 0:15:39]} h6 {[%clk 0:15:40]} 5. O-O {[%clk 0:15:47]} e6 {[%clk 0:15:49]}
6. c3 {[%clk 0:15:55]} Be7 {[%clk 0:15:56]} 7. Nbd2 {[%clk 0:16:04]} O-O
{[%clk 0:16:03]} 8. Re1 {[%clk 0:16:12]} c5 {[%clk 0:15:51]} 9. a3
{[%clk 0:16:14]} Nc6 {[%clk 0:15:57]} 10. b4 {[%clk 0:16:17]} cxd4
{[%clk 0:15:48]} 11. cxd4 {[%clk 0:16:20]} Qb6 {[%clk 0:15:23]} 12. Bb2
{[%clk 0:16:19]} a5 {[%clk 0:14:49]} 13. e3 {[%clk 0:12:59]} axb4
{[%clk 0:14:18]} 14. a4 {[%clk 0:12:52]} Rfc8 {[%clk 0:13:42]} 15. Qe2
{[%clk 0:12:01]} b3 {[%clk 0:12:37]} 16. Qb5 {[%clk 0:07:30]} Qxb5
{[%clk 0:11:39]} 17. axb5 {[%clk 0:07:38]} Na5 {[%clk 0:11:48]} 18. Rec1
{[%clk 0:06:30]} Bc2 {[%clk 0:08:53]} 19. Ne1 {[%clk 0:06:01]} Bb4
{[%clk 0:08:37]} 20. Ndf3 {[%clk 0:04:42]} Ne4 {[%clk 0:07:26]} 21. Ne5
{[%clk 0:02:42]} Bd2 {[%clk 0:06:16]} 22. Bxe4 {[%clk 0:00:18]} dxe4
{[%clk 0:06:20]} 23. Nxc2 {[%clk 0:00:13]} Bxc1 {[%clk 0:06:09]} 24. Rxc1
{[%clk 0:00:19]} bxc2 {[%clk 0:05:49]} 25. Nd7 {[%clk 0:00:22]} Nb3
{[%clk 0:05:44]} 26. Re1 {[%clk 0:00:13]} c1=Q {[%clk 0:04:40]} 27. Bxc1
{[%clk 0:00:16]} Rxc1 {[%clk 0:04:47]} 28. Rxc1 {[%clk 0:00:24]} Nxc1
{[%clk 0:04:55]} 29. Nc5 {[%clk 0:00:25]} Ra5 {[%clk 0:04:11]} 30. Nxb7
{[%clk 0:00:23]} Rxb5 {[%clk 0:04:18]} 31. Nd6 {[%clk 0:00:31]} Rb2
{[%clk 0:03:21]} 32. Nxe4 {[%clk 0:00:19]} Nd3 {[%clk 0:03:26]} 0-1